Comprensión de las relaciones intergrupales
Guardado en:
| Autor principal: | |
|---|---|
| Formato: | Libro |
| Lenguaje: | español |
| Publicado: |
Buenos Aires
Centro Regional de Ayuda Técnica
1970
|
| Colección: | Librería del colegio. Nueva pedagogía, 21
|
| Materias: | |
| Etiquetas: |
Agregar Etiqueta
Sin Etiquetas, Sea el primero en etiquetar este registro!
|
MARC
| LEADER | 00000nam a2200000 a 4500 | ||
|---|---|---|---|
| 001 | UCZ0423 | ||
| 003 | CL-VaPUC | ||
| 008 | 950728e19700000AG |||||||||||||||||spa|d | ||
| 082 | 0 | 4 | |a 302.4 |b GRA |2 21 |
| 100 | |a Grambs, Jean D |e author |9 352627 | ||
| 245 | 1 | 0 | |a Comprensión de las relaciones intergrupales |
| 300 | |a 43 p | ||
| 942 | |c BK | ||
| 945 | |d 19950728 00:00:00 |a mfernand | ||
| 260 | |a Buenos Aires |b Centro Regional de Ayuda Técnica |c 1970 | ||
| 650 | 7 | |a GRUPOS |2 CL-VaPUC |9 336429 | |
| 650 | 7 | |a RELACIONES ENTRE GRUPOS |2 CL-VaPUC |9 337590 | |
| 650 | 7 | |a COMPORTAMIENTO DE GRUPO |2 CL-VaPUC |9 335588 | |
| 650 | 7 | |a COMUNICACION EN GRUPO |2 CL-VaPUC |9 343254 | |
| 650 | 7 | |a RELACIONES INTERETNICAS |2 CL-VaPUC |9 341213 | |
| 583 | |a last modification |c 19950728 00:00:00 |k Rodrigo Vera | ||
| 490 | 0 | |a Librería del colegio. Nueva pedagogía, 21 | |
| 999 | |c 237352 |d 237350 | ||
| 952 | |0 0 |1 0 |4 0 |6 302_400000000000000_GRA_1970 |7 0 |8 P |9 246327 |a BIBEDU |b BIBEDU |d 2019-11-18 |i 1546287 |o 302.4 GRA 1970 |p 1546287 |r 2019-11-18 |w 2019-11-18 |y BK |k EDU | ||
| 952 | |0 0 |1 0 |4 0 |6 302_400000000000000_GRA_1970 |7 0 |8 P |9 246328 |a BIBEDU |b BIBEDU |c BIBEDU_PB |d 2019-11-18 |i 1546295 |o 302.4 GRA 1970 |p 1546295 |r 2019-11-18 |w 2019-11-18 |y BK |k EDU | ||
| 952 | |0 0 |1 0 |4 0 |6 302_400000000000000_GRA_1970 |7 0 |8 P |9 246329 |a BIBEDU |b BIBEDU |c BIBEDU_PB |d 2019-11-18 |i 1546309 |o 302.4 GRA 1970 |p 1546309 |r 2019-11-18 |w 2019-11-18 |y BK |k EDU | ||